<?xml version="1.0" encoding="UTF-8"?>
<record
    xmlns:xsi="http://www.w3.org/2001/XMLSchema-instance"
    xsi:schemaLocation="http://www.loc.gov/MARC21/slim http://www.loc.gov/standards/marcxml/schema/MARC21slim.xsd"
    xmlns="http://www.loc.gov/MARC21/slim">

  <leader>03165nam a2200433 a 4500</leader>
  <controlfield tag="001">ebr10270768</controlfield>
  <controlfield tag="003">CaPaEBR</controlfield>
  <controlfield tag="006">m        u        </controlfield>
  <controlfield tag="007">cr cn|||||||||</controlfield>
  <controlfield tag="008">071019s2007    ne      sb    011 0 eng  </controlfield>
  <datafield tag="010" ind1=" " ind2=" ">
    <subfield code="z">  2007043550</subfield>
  </datafield>
  <datafield tag="016" ind1="7" ind2=" ">
    <subfield code="z">B0717472</subfield>
    <subfield code="2">bccb</subfield>
  </datafield>
  <datafield tag="020" ind1=" " ind2=" ">
    <subfield code="z">9789004161962 (alk. paper)</subfield>
  </datafield>
  <datafield tag="020" ind1=" " ind2=" ">
    <subfield code="z">9004161961 (alk. paper)</subfield>
  </datafield>
  <datafield tag="040" ind1=" " ind2=" ">
    <subfield code="a">CaPaEBR</subfield>
    <subfield code="c">CaPaEBR</subfield>
  </datafield>
  <datafield tag="035" ind1=" " ind2=" ">
    <subfield code="a">(OCoLC)646788999</subfield>
  </datafield>
  <datafield tag="050" ind1="1" ind2="4">
    <subfield code="a">BR123</subfield>
    <subfield code="b">.R38 2007eb</subfield>
  </datafield>
  <datafield tag="082" ind1="0" ind2="4">
    <subfield code="a">230</subfield>
    <subfield code="2">22</subfield>
  </datafield>
  <datafield tag="084" ind1=" " ind2=" ">
    <subfield code="a">11.18</subfield>
    <subfield code="2">bcl</subfield>
  </datafield>
  <datafield tag="084" ind1=" " ind2=" ">
    <subfield code="a">11.51</subfield>
    <subfield code="2">bcl</subfield>
  </datafield>
  <datafield tag="245" ind1="0" ind2="0">
    <subfield code="a">Reading religions in the ancient world</subfield>
    <subfield code="h">[electronic resource] :</subfield>
    <subfield code="b">essays presented to Robert McQueen Grant on his 90th birthday /</subfield>
    <subfield code="c">edited by David E. Aune &amp; Robin Darling Young.</subfield>
  </datafield>
  <datafield tag="260" ind1=" " ind2=" ">
    <subfield code="a">Leiden ;</subfield>
    <subfield code="a">Boston :</subfield>
    <subfield code="b">Brill,</subfield>
    <subfield code="c">2007.</subfield>
  </datafield>
  <datafield tag="300" ind1=" " ind2=" ">
    <subfield code="a">vi, 305 p.</subfield>
  </datafield>
  <datafield tag="490" ind1="1" ind2=" ">
    <subfield code="a">Supplements to Novum Testamentum,</subfield>
    <subfield code="x">0167-9732 ;</subfield>
    <subfield code="v">v. 125</subfield>
  </datafield>
  <datafield tag="504" ind1=" " ind2=" ">
    <subfield code="a">Includes bibliographical references and index.</subfield>
  </datafield>
  <datafield tag="505" ind1="0" ind2="0">
    <subfield code="g">Part One: Classical Studies:</subfield>
    <subfield code="t">Personal religion? /</subfield>
    <subfield code="r">Larry Alderink --</subfield>
    <subfield code="t">Death as life and life as death : revisiting Rohde /</subfield>
    <subfield code="r">James D. Tabor --</subfield>
    <subfield code="t">Credibility and credulity in Plutarch's Life of Numa Pompilius /</subfield>
    <subfield code="r">Hans Dieter Betz --</subfield>
    <subfield code="t">"That  unpredictable little beast" : traces of an other Socrates /</subfield>
    <subfield code="r">A.J. Droge --</subfield>
    <subfield code="t">To show the differences by comparison" : the new Wettstein and Cleanthes' Hymn /</subfield>
    <subfield code="r">Johan C. Thom --</subfield>
    <subfield code="t">ISmyrna 753: God and the One God /</subfield>
    <subfield code="r">Leonard L. Thompson --</subfield>
    <subfield code="g">Part Two: New Testament Studies:</subfield>
    <subfield code="t">"The Spirit is willing, but the flesh is weak" (Mark 14:38b and Matt. 26:41b) /</subfield>
    <subfield code="r">David E. Aune --</subfield>
    <subfield code="t">"Every signal worth reading" : Jesus and Jewish sectarians in Mark /</subfield>
    <subfield code="r">Peter Zaas --</subfield>
    <subfield code="t">Divine sons : Aeneas and Jesus in Hebrews /</subfield>
    <subfield code="r">Mark Reasoner --</subfield>
    <subfield code="t">The two thirteens : Romans and Revelation /</subfield>
    <subfield code="r">Graydon F. Snyder --</subfield>
    <subfield code="g">Part Three: Patristic Studies:</subfield>
    <subfield code="t">Notes on divesting and vesting in The Hymn of the Pearl /</subfield>
    <subfield code="r">Robin Darling Young --</subfield>
    <subfield code="t">Origen, Celsus and Lucian on the "d&#xFFFD;enouement of the drama" of the Gospels /</subfield>
    <subfield code="r">Margaret M. Mitchell --</subfield>
    <subfield code="t">Anti-Nicene preaching in recent literature /</subfield>
    <subfield code="r">O.C. Edwards, Jr. --</subfield>
    <subfield code="t">The emerge of the spiritual reading of the Apocalypse in the third century /</subfield>
    <subfield code="r">Bernard McGinn --</subfield>
    <subfield code="t">Eusebius on Porphyry's "Polytheistic Error" /</subfield>
    <subfield code="r">Robert Lee Williams --</subfield>
    <subfield code="t">A sixth-century plea against religious violence : Romanos on Elijah /</subfield>
    <subfield code="r">I. William Countryman.</subfield>
  </datafield>
  <datafield tag="533" ind1=" " ind2=" ">
    <subfield code="a">Electronic reproduction.</subfield>
    <subfield code="b">Palo Alto, Calif. :</subfield>
    <subfield code="c">ebrary,</subfield>
    <subfield code="d">2013.</subfield>
    <subfield code="n">Available via World Wide Web.</subfield>
    <subfield code="n">Access may be limited to ebrary affiliated libraries.</subfield>
  </datafield>
  <datafield tag="600" ind1="1" ind2="0">
    <subfield code="a">Grant, Robert M.</subfield>
    <subfield code="q">(Robert McQueen),</subfield>
    <subfield code="d">1917-</subfield>
  </datafield>
  <datafield tag="650" ind1=" " ind2="0">
    <subfield code="a">Church history</subfield>
    <subfield code="y">Primitive and early church, ca. 30-600.</subfield>
  </datafield>
  <datafield tag="650" ind1=" " ind2="0">
    <subfield code="a">Christian literature, Early</subfield>
    <subfield code="x">History and criticism.</subfield>
  </datafield>
  <datafield tag="650" ind1=" " ind2="0">
    <subfield code="a">Christianity and culture</subfield>
    <subfield code="x">History</subfield>
    <subfield code="y">Early church, ca. 30-600.</subfield>
  </datafield>
  <datafield tag="655" ind1=" " ind2="7">
    <subfield code="a">Electronic books.</subfield>
    <subfield code="2">local</subfield>
  </datafield>
  <datafield tag="700" ind1="1" ind2=" ">
    <subfield code="a">Grant, Robert M.</subfield>
    <subfield code="q">(Robert McQueen),</subfield>
    <subfield code="d">1917-</subfield>
  </datafield>
  <datafield tag="700" ind1="1" ind2=" ">
    <subfield code="a">Aune, David Edward.</subfield>
  </datafield>
  <datafield tag="700" ind1="1" ind2=" ">
    <subfield code="a">Young, Robin Darling.</subfield>
  </datafield>
  <datafield tag="710" ind1="2" ind2=" ">
    <subfield code="a">ebrary, Inc.</subfield>
  </datafield>
  <datafield tag="830" ind1=" " ind2="0">
    <subfield code="a">Supplements to Novum Testamentum ;</subfield>
    <subfield code="v">v. 125.</subfield>
  </datafield>
  <datafield tag="856" ind1="4" ind2="0">
    <subfield code="u">http://site.ebrary.com/lib/rucke/Doc?id=10270768</subfield>
    <subfield code="z">An electronic book accessible through the World Wide Web; click to view</subfield>
  </datafield>
  <datafield tag="999" ind1=" " ind2=" ">
    <subfield code="c">22740</subfield>
    <subfield code="d">22740</subfield>
  </datafield>
</record>
